| 000 | 00517 a2200181 4500 | ||
|---|---|---|---|
| 005 | 20250616105224.0 | ||
| 020 | _a978-0-07-253842=7 | ||
| 082 | _a658.84 RAF | ||
| 100 | _aMOHAMMED, A. R | ||
| 245 | _aInternet Marketing: Building Advantage in a Networked Economy | ||
| 250 | _a2nd Ed. | ||
| 260 |
_aBoston _bIrwin MarketspaceU _c2004. |
||
| 300 |
_axviii, 743p.:il.;Charts, tables _bIndex _c26cm |
||
| 700 | _aRobertb J. Fisher | ||
| 700 | _aBernard J. Jaworski | ||
| 700 | _aGordon J. Paddison | ||
| 942 |
_2ddc _cBKS |
||
| 999 |
_c4106 _d4106 |
||